Plánovanie v poľnohospodárstve

Na minha lista:
Detalhes bibliográficos
Autor principal: Murgaš, Ján
Outros Autores: Hambalková, Mária
Formato: Livro
Idioma:eslovaco
Publicado em: Nitra Vysoká škola poľnohospodárska 1983
Edição:1. preprac. vyd.
Tags: Adicionar Tag
Sem tags, seja o primeiro a adicionar uma tag!

MARC

LEADER 00000nam a2200000 4500
001 c115951
005 20181219123720.4
041 0 |a slo 
044 |a SK 
245 1 0 |a Plánovanie v poľnohospodárstve  |c Ján Murgaš, Mária Hambalková 
250 |a 1. preprac. vyd. 
264 1 |a Nitra  |b Vysoká škola poľnohospodárska  |c 1983 
300 |a 138 s. 
100 1 |a Murgaš, Ján 
700 1 |a Hambalková, Mária